Регионална библиотека "Любен Каравелов" - Русе

Ivanhoe (Запис номер 490169)

MARC детайли
000 -Лидер
Контролно поле с фиксирана дължина nam a22 a 4500
003 - Код на организацията, давaща контролен номер
Контролно поле BLK
005 - Дата и час на последна редакция
Контролно поле 20230328124053.0
008 - Елементи от данни с фиксирана дължина
fixed length control field 230324b bu |||||r|||| 00| | bu d
020 ## - Международен стандартен номер на книга ISBN
Международен стандартен номер на книга ISBN 978-973-1848-72-3
040 ## - Източник на каталожния запис
Идентификатор на билиотеката - собственик на записа BLK
041 ## - Код за език
Код за езика на текст/звукозапис или на отделно заглавие Румънски
Код за езика КДБФ Други
080 ## - УДК
Текстов определител УДК Английска литература
УДК код - определител по УДК 821.111
УДК определител -31
УДК - код + определител 821.111-31
100 ## - Редна дума - Автор
R(LIN) 387545
Автор Scott, Walter
139 ## - Редно поле
Редна дума Scott, Walter
Авторски знак Sco - S 41
245 ## - Сведения за заглавието
Заглавие Ivanhoe
Редно поле (дума) Walter Scott ; trad. Petre Solomon
260 ## - Област на издателските данни
9 (RLIN) 216607
Място на издаване, разпространение и проч. Bucuresti
Име на издателя, разпространителя и проч. Adevarul
Година на издаване 2008
Издателство - префикс ISBN 978-606-
300 ## - Физическа характеристика
Страници 258 p.
Размери/Мащаб 20 cm
380 ## - Жанр
Жанр Худож. лит.
490 ## - СЕРИИ (Колекции)
Име на серия Biblioteca Adevarul
9 (RLIN) 486986
490 ## - СЕРИИ (Колекции)
Име на серия 100 de opere esentiale
№: серия 10
9 (RLIN) 487022
500 ## - Общи забележки
Забележка Ориг. загл. Ivanhoe / Walter Scott
700 ## - Други автори (авторска отговорност)
9 (RLIN) 487125
Лично име Solomon, Petre
Автороска отговорност (Описва отношението между автора и произведението) trad.
856 ## - Електронен адрес и достъп
Инструкция (цена за достъп) 0.00
Права за достъп disable
999 ## - СИСТЕМНИ КОНТРОЛНИ НОМЕРА
Koha biblionumber 490169
Koha biblioitemnumber 490169
942 ## - АРТИКУЛИ
Вид на библиотечния материал Книги
Скрит в OPAC Не
Периодичен библиозапис Да
944 ## - СЪЗДАВАНЕ И РЕДАКЦИЯ на ЗАПИСА
Създаване/Редакция Създаване
Дата на регистрацията/редакция 2023-03-24
Служител, извършил регистрацията/редакцията ГГГ
999 ## - СИСТЕМНИ КОНТРОЛНИ НОМЕРА
Koha biblioitemnumber 490169
Наличности
Код за отписване Код за изгубен артикул Източник на класификационната схема Код за повреда Коз за рестрикции Код за отдаване Артикулен № Име на библиотеката - собственик Име на библиотеката, в която се намира в момента Статус (Текущо местоположение) Дата на вписване в системата Местоположение - отдел Цена в лева Инвентарен номер Систематично азбучна сигнатура Баркод Цена в евро Служебен тип на артикула
  Не е изгубен Universal Decimal Classification Не е повреден без рестрикции заемане за дома 926120 Регионална библиотека "Любен Каравелов" Русе Регионална библиотека "Любен Каравелов" Русе Заемна - подръчен фонд 2023-03-30 Заемна - подръчен фонд 15.00 120000885429 821-31/S 41 W 120000885429 7.67 Книги
Vip Innovations Ltd, Rousse, Bulgaria 2025